| 000 | 00491 a2200169 4500 | ||
|---|---|---|---|
| 020 | _a0072346817 | ||
| 040 |
_aDLC _bDLC |
||
| 082 | 0 | 0 | _a510 |
| 100 | 1 | _aBennett, Albert B. | |
| 245 | 1 | 0 |
_aMathematics for elementary teachers : a conceptual approach _cAlbert B. Bennett, Jr., L. Ted Nelson. |
| 250 | _a5th ed. | ||
| 260 |
_aBoston : _bMcGraw-Hill, _cc2001. |
||
| 300 |
_axii, 868 p. : _bill. ; _c27 cm. |
||
| 650 | 0 | _aMathematics. | |
| 700 | 1 | _aNelson, Leonard T. | |
| 942 |
_cBK _k510 BEN _2ddc |
||
| 999 |
_c7378 _d7378 |
||